| 000 | 00891nam a22002657a 4500 | ||
|---|---|---|---|
| 003 | OSt | ||
| 005 | 20230119095604.0 | ||
| 008 | 221006b |||||||| |||| 00| 0 eng d | ||
| 020 | _a978 958 46 9589 5 | ||
| 040 | _cBiblioteca Lado V | ||
| 082 |
_aC861.5 _bT266v |
||
| 100 |
_eautor _9577 _aTejada Sanchez, Miguel |
||
| 245 |
_aVayanse pa'l Diablo/ _bPartida de canallas | Partida de sinverguenzas/ |
||
| 260 |
_bSEMPERTYRANNIS _aColombia _c2016 |
||
| 300 |
_c17x24cm _a139p. |
||
| 490 | _vtomo 1 | ||
| 650 |
_2Tesauro de Arte & Arquitectura _aPOESIA |
||
| 650 |
_2Tesauro de Arte & Arquitectura _aLITERATURA COLOMBIANA |
||
| 650 |
_2Tesauro de Arte & Arquitectura _aARTE Y LETRAS |
||
| 700 |
_aAguilar, Jose _eautor |
||
| 700 |
_aMorales, Luis _eautor |
||
| 700 |
_aJuracan, Maya _eautor |
||
| 700 |
_aChavez, Rosa _eautor |
||
| 942 |
_2ddc _c1 _hC861.5 _iT266v _n0 |
||
| 999 |
_c2833 _d2833 |
||